000 00689nam a22002297a 4500
003 dpl
005 20180824133240.0
008 180824b xxu||||| |||| 00| 0 eng d
010 _aA-999470
020 _a812031638-X
_c250.00
035 _aA-999470
040 _c0
082 _a005.3
100 _aPhillips, Lee Anne
245 _aPractical HTML 4 /
_cby Lee anne phillips
260 _aNew Delhi
_bprentice-Hall of india private limited
_c1999
270 _aM-97, connaught circus
_bNew Delhi
_e110001
300 _axiii, 700p.
_c25 cm (Hb)
500 _aIncludes index
650 _aLibrary Automation
942 _adpl
_cEN
_k005.3 / PHI
_2ddc
_h005.3
_mPHI
999 _c156271
_d156271